000 00355nam a2200133Ia 4500
003 GCL
008 140319s9999 xx 000 0 ara d
040 _aGCL /
_cGCL
082 0 4 _a621.313
_bا م
245 1 0 _aالمرجع فى المحولات الكهربائية
260 _a[S.N] :
_bجامعة الموصل ،
_c1984
300 _a922 ص
490 _a
999 _c52598
_d52598